Word Ladder: Petyr Baelish Quotes Quiz Stats

 Plays Quiz Updated Jun 22, 2019

Score 0/32 Timer 04:00
0 Plays Today
Clue 4-Letter Word % Correct
• I loved you, ____ than anyone. •MORE
99%
• I'd risk everything to get what I ____. •WANT
96.6%
• Live that way and nothing ____ surprise you. •WILL
95.5%
• Even the ____ dangerous men can be outmaneuvered. •MOST
95.4%
Mr. DisneyWALT
95.4%
The long hair on the neck of a horseMANE
95.2%
What the landlord expects every monthRENT
94.8%
Reddish or yellowish-brown corrosion on metalRUST
94.5%
• Don't ____ anyone. I have a reputation to maintain. •TELL
94.4%
• When I set sail I might be able to ____ you with me. •TAKE
94.3%
• You ____ be one of the few men in the city who isn't a man. •MUST
94.2%
Of great or more than average heightTALL
94.2%
A storyTALE
94.1%
• I'll not ____ until the lion flies over Winterfell. •REST
93.9%
• I ____ a mistake. A horrible mistake. I underestimated a stranger. •MADE
93.5%
In good healthWELL
93.5%
Clue 4-Letter Word % Correct
• Loras knew his ____ was in heat. Quite crafty, really. •MARE
93.5%
• There's no justice in this world. Not unless we ____ it. •MAKE
93.5%
• We both peddle fantasies, ____ just happen to be entertaining. •MINE
93.4%
To breathe in short, quick breathsPANT
93.1%
To become limp; droopWILT
93.1%
• The ____ is the ____, the future is all that is worth discussing. •PAST
92.8%
• Fight every battle, everywhere, always in your ____. •MIND
92.6%
The metal stem of a pierced earringPOST
91%
To walk through waterWADE
91%
To put into good working order againMEND
90.7%
• I'll ____ her away. I swear on my life. I swear to all the gods. •SEND
90.2%
Dispatched; cause or order to departSENT
89.9%
An article offered for saleWARE
86.9%
• I did ____ you not to trust me. •WARN
85%
• I ____ you know that I'm your friend Sansa. Your true friend. •HOPE
80.5%
To brood, become listless or dejectedMOPE
80.2%

Today's Daily Dose

Missing Word
1940s A-Z

Quick Pick
'S' Athletes

Get the Picture
Depp or Bonham Carter

You're not logged in!

Compare scores with friends on all Sporcle quizzes.
OR
Log In

Sporcle TV

Today on Sporcle TV


Watch our educational content, quiz creation guides, and fun videos on Sporcle TV.

Show Comments

Extras

Top Quizzes Today


Score Distribution

Your Account Isn't Verified!

In order to create a playlist on Sporcle, you need to verify the email address you used during registration. Go to your Sporcle Settings to finish the process.

Report this User

Report this user for behavior that violates our Community Guidelines.

Details: